<?xml version="1.0" encoding="UTF-8"?>
<record
    xmlns:xsi="http://www.w3.org/2001/XMLSchema-instance"
    xsi:schemaLocation="http://www.loc.gov/MARC21/slim http://www.loc.gov/standards/marcxml/schema/MARC21slim.xsd"
    xmlns="http://www.loc.gov/MARC21/slim">

  <leader>00694cam a22002171  4500</leader>
  <controlfield tag="001">ne 68002542 </controlfield>
  <controlfield tag="003">DLC</controlfield>
  <controlfield tag="005">20260227111844.0</controlfield>
  <controlfield tag="008">821119s1957    ir c          000 0 perr </controlfield>
  <datafield tag="010" ind1=" " ind2=" ">
    <subfield code="a">ne 68002542 </subfield>
  </datafield>
  <datafield tag="035" ind1=" " ind2=" ">
    <subfield code="a">(OCoLC)8972794</subfield>
  </datafield>
  <datafield tag="040" ind1=" " ind2=" ">
    <subfield code="a">DLC</subfield>
    <subfield code="c">WaU</subfield>
    <subfield code="d">WaU</subfield>
    <subfield code="d">DLC</subfield>
  </datafield>
  <datafield tag="050" ind1="0" ind2="0">
    <subfield code="a">PK6561</subfield>
    <subfield code="b">.F77 1957</subfield>
  </datafield>
  <datafield tag="100" ind1="1" ind2=" ">
    <subfield code="a">Fur&#x101;t, &#x2BB;Abb&#x101;s.</subfield>
  </datafield>
  <datafield tag="245" ind1="1" ind2="0">
    <subfield code="a">Nagham&#x101;t-i Fur&#x101;t</subfield>
    <subfield code="c">[az] &#x2BB;Abb&#x101;s Fur&#x101;t.</subfield>
  </datafield>
  <datafield tag="260" ind1=" " ind2=" ">
    <subfield code="a">[&#x1E6C;ihr&#x101;n,</subfield>
    <subfield code="c">muqqadamah 1336 (1957)].</subfield>
  </datafield>
  <datafield tag="300" ind1=" " ind2=" ">
    <subfield code="a">7, 248 p.</subfield>
    <subfield code="b">port.</subfield>
    <subfield code="c">22 cm.</subfield>
  </datafield>
  <datafield tag="500" ind1=" " ind2=" ">
    <subfield code="a">At head of title: D&#x12B;v&#x101;n-i sivvum.</subfield>
  </datafield>
  <datafield tag="505" ind1="0" ind2=" ">
    <subfield code="a">Qa&#x1E6D;a&#x2BB;&#x101;t - Ruba&#x2BB;iy&#x101;t - Qa&#x1E63;&#x101;&#x2BC;id - Mas&#x332;nav&#x12B; - Tarj&#x12B;&#x2BB; - Ghazaliy&#x101;t - D&#x12B;gar sukhan&#x101;n.</subfield>
  </datafield>
  <datafield tag="740" ind1="0" ind2=" ">
    <subfield code="a">D&#x12B;v&#x101;n-i sivvum.</subfield>
  </datafield>
  <datafield tag="999" ind1=" " ind2=" ">
    <subfield code="c">50549</subfield>
    <subfield code="d">50549</subfield>
  </datafield>
</record>
